Analysis and design of piles in layered soil /
Saved in:
| 主要作者: | |
|---|---|
| 格式: | Thesis 图书 |
| 语言: | English |
| 出版: |
1985
|
| 主题: | |
| 标签: |
添加标签
没有标签, 成为第一个标记此记录!
|
| LEADER | 00711cam a2200229 4500 | ||
|---|---|---|---|
| 001 | u49958 | ||
| 003 | SIRSI | ||
| 008 | 870428s1985 si v 00 1 eng m | ||
| 035 | |a AAF-3767 | ||
| 040 | |a UMM | ||
| 090 | |a TA780 |b Kog | ||
| 100 | 1 | 0 | |a Kog, Yue Choong. |
| 245 | 1 | 0 | |a Analysis and design of piles in layered soil / |c by Kog Yue Choong. |
| 260 | |c 1985 | ||
| 300 | |a xv, 128 leaves : |b ill. ; |c 30cm. | ||
| 502 | |a Thesis (Ph.D.) -- National University of Singapore, 1985. | ||
| 504 | |a Bibliography: leaves 79-86. | ||
| 650 | 0 | |a Piling (Civil engineering). | |
| 650 | 0 | |a Soil mechanics. | |
| 948 | |a 16/03/1991 |b 14/08/2002 | ||
| 596 | |a 1 | ||
| 999 | |a TA780 KOG |w LC |c 1 |i A010134295 |l STACKS |m P01UTAMA |r Y |s Y |t TESIS |u 19/2/1992 | ||
